000 00647nam a22002537a 4500
001 212
003 UA-OsUOA
005 20210616145203.0
007 ta
008 20050525b un ||||| |||| 00| 0 ukr d
020 _a5835700253
040 _aUA-OsUOA
_brus
_cUA-OsUOA
_dUA-OsUOA
041 _arus
080 _a821.111
090 _a821.111
_bМ67
100 _aМитчелл М.
245 _aУнесенные ветром
_bроман
260 _aК.
_bГрайлык
_c1992
300 _a560 с.
505 _gТ. 2
650 7 _a82 Література. Літературознавство
_2UDC
942 _cBK
_2udc
955 _a3
999 _c286376
_d286376